000 01765nam a22003731i 4500
003 OSt
005 20211120150017.0
008 211028t20212021enka jr6 000 1 eng d
020 _a9781906814250
_cRM 38.26
_qpaperback
040 _aPPAK
_beng
_cPPAK
_erda
082 0 4 _a741.5973
_223
090 0 0 _a741.5973
_bPYL
_dK
100 1 _aPyle, Howard,
_eauthor.
245 1 0 _aKNIGHTS OF THE ROUND TABLE /
_cHoward Pyle ; Adaptation: John Cooney ; Illustrated by: Alex A. Blum.
246 3 _iAt head of title:
_aClassics illustrated featuring Stories by the World's Greatest Authors.
264 1 _aNewbury, Berkshire :
_bCCS Books,
_c2021
264 4 _c©2021
300 _a48 pages :
_bchiefly colour illustrations ;
_c25 cm.
336 _atext
_2rdacontent
336 _astill image
_2rdacontent
337 _aunmediated
_2rdamedia
338 _avolume
_2rdacarrier
490 1 _aClassics illustrated
_vNo. 11
520 _aMelville's tale of the whaling industry, and one captain's obsession with revenge against the Great White Whale that took his leg. Classics Illustrated tells this wonderful tale in colourful comic strip form, offering an excellent introduction for younger readers. This edition also includes a biography of Herman Melville and study questions, which can be used both in the classroom or at home to further engage the reader in the work at hand.
521 _aPrimary.
600 1 0 _aArthur,
_cKing
_vComic books, strips, etc.
650 1 0 _aKnights and knighthood
_vComic books, strips, etc.
655 7 _aGraphic novels.
_2lcgft
655 7 _aComics adaptations.
_2lcgft
700 1 _aCooney, John,
_eadapter.
700 1 _aBlum, Alex A.,
_eillustrator.
830 0 _aClassics illustrated;
_p
_vNo. 11
942 _2ddc
_cB
999 _c185775
_d185775